Taylor Swift 05 - Statistics

General Stats
  • This quiz has been taken 26 times
    17 since last reset
  • The average score is 352 of 410
Answer Stats
Answer % Correct
a
100%
all
100%
and
100%
be
100%
'cause
100%
for
100%
go
100%
I
100%
I'm
100%
in
100%
it
100%
it's
100%
I've
100%
know
100%
like
100%
now
100%
of
100%
on
100%
said
100%
so
100%
that
100%
the
100%
then
100%
to
100%
too
100%
was
100%
what
100%
when
100%
why
100%
you
100%
your
100%
you're
100%
about
92%
at
92%
away
92%
baby
92%
been
92%
but
92%
by
92%
even
92%
ever
92%
every
92%
get
92%
got
92%
had
92%
he
92%
hear
92%
heart
92%
her
92%
here
92%
he's
92%
his
92%
just
92%
me
92%
my
92%
never
92%
oh
92%
right
92%
see
92%
takes
92%
time
92%
told
92%
up
92%
well
92%
would
92%
you'll
92%
after
83%
always
83%
around
83%
bad
83%
best
83%
day
83%
doesn't
83%
everything
83%
eye
83%
gonna
83%
guy
83%
last
83%
life
83%
look
83%
looked
83%
mine
83%
new
83%
place
83%
side
83%
since
83%
than
83%
through
83%
you'd
83%
alone
75%
apart
75%
breaking
75%
cry
75%
eyes
75%
face
75%
fall
75%
far
75%
Fine
75%
goes
75%
goodbye
75%
hello
75%
how's
75%
late
75%
Mr.
75%
name
75%
okay
75%
perfect
75%
Perfectly
75%
room
75%
single
75%
stay
75%
thought
75%
waiting
75%
will
75%
above
67%
alright
67%
anything
67%
arm
67%
brand
67%
casually
67%
change
67%
cruel
67%
dignified
67%
each
67%
feeling
67%
forget
67%
girl
67%
heard
67%
leaves
67%
maybe
67%
misery
67%
Miss
67%
miss
67%
past
67%
picking
67%
pressed
67%
put
67%
really
67%
revolves
67%
'round
67%
same
67%
seat
67%
shame
67%
smug
67%
someday
67%
such
67%
suit
67%
way
67%
wonderful
67%
different
58%
guess
58%
might
58%
phased
58%
sashay
58%
sense
58%
wins
58%
apology
50%
rest
50%
end
42%
insincere
42%
strategized
42%
until
42%
No matching quizzes found
Score Distribution
Percent of People with Each Score
Percentile by Number Answered
Your Score History
You have not taken this quiz since the last reset